Statistics for Ocean's 11 Actors by Picture

Click here to take the quiz!

General Stats

  • This quiz has been taken 104 times
  • The average score is 7 of 9

Answer Stats

Answer% Correct
George Clooney
94%
Brad Pitt
90%
Matt Damon
90%
Julia Roberts
86%
Sandra Bullock
85%
Anne Hathaway
83%
Al Pacino
68%
Cate Blanchett
67%
Frank Sinatra
51%

Score Distribution

Percentile by Number Answered

Percent of People with Each Score

Your Score History

You have not taken this quiz